000 00753nam a2200241 i 4500
001 20127
003 ES-MaACL
005 20230906152235.0
007 t|
008 021129s2002 sp ||||1| spa d
020 _a84-249-2334-0
080 _a808.5(02)-"00"
100 1 _aCicerón, Marco Tulio.
_938748
245 1 0 _aSobre el orador /
_cCicerón ; introducción, traducción y notas de José Javier Iso.
260 _aMadrid :
_bGredos,
_c[2002]
300 _a509 p. ;
_c20 cm.
490 1 _aBiblioteca clásica Gredos ;
_v300
650 1 4 _aOratoria-
_vObras anteriores a 1800.
_915733
700 1 _aIso, J. J.
_965582
830 0 _aBiblioteca clásica Gredos ;
_v300
_9177556
852 _aES-MaACL
_jL-26066
_bR.131809
999 _c20127
_d20127